Statistics for Country Shapes Hidden on the Christmas Tree

Click here to take the quiz!

General Stats

  • This quiz has been taken 630 times
  • The average score is 12 of 15

Answers on the Map

Answers color-coded by a green-red scale on the quiz's map according to % correct below.
 

Answer Stats

Country% Correct
Norway
95%
Croatia
92%
New Zealand
89%
Cuba
84%
Sudan
82%
Australia
81%
Mexico
81%
Somalia
79%
Egypt
77%
Peru
77%
Morocco
75%
Myanmar
74%
Paraguay
68%
Ethiopia
63%
Germany
54%

Score Distribution

Percentile by Number Answered

Percent of People with Each Score

Your Score History

You have not taken this quiz